000 01018 a2200217 4500
001 59560
005 20260407155849.0
008 260407a1974 arg spa d
003 AR-UNSa-BCEJYS
040 _aAR-UNSa-BCEJYS
_bspa
_cAR-UNSa-BCEJYS
080 _a330.34
_xDesarrollo Económico
245 1 0 _aEl desarrollo argentino
_pVisión retrospectiva. Apreciación cultural. Programa de futuro
250 _a3a. ed.
264 1 _aMéxico :
_bEl Ateneo
_c1974
300 _a117 p.
_c20 cm.
505 _a1. Nota preliminar - 2. El ciclo de la sociedad tradicional y el despegue en la teoría del desarrollo – 3. El proceso argentino de desarrollo – 4. Desborde de la teoría agroportuaria y despegue hacia el desarrollo – 5. Ubicación de la argentina en el contexto mundial del desarrollo – 6. El programa – 7. El programa de los cinturones y la alternativas estratégicas del crecimiento -
041 _aspa
942 _cBK
590 _aniveau_biblio:m niveau_hierar:0
100 1 _aDaus, Federico A.
999 _c6738
_d6738